Catalogo das madeiras da Amazonia /

Bibliographic Details
Main Author: Loureiro, Arthur A.
Other Authors: Silva, Marlene Freitas da
Format: Book
Language:Portuguese
Published: Belem : Superintendencia do Desenvolvimento da Amazonia, 1968.
Subjects:

MARC

Tag First Indicator Second Indicator Subfields
LEADER 00000cam a2200000 4500
001 in00000047742
005 20151007073509.0
008 750731s1968 bl a 00110 por
010 |a  72400973  
035 |a (OCoLC)01494745 
035 |9 AAE9828AM 
040 |c PIT  |d TXA  |d UtOrBLW 
049 |a TXAM  |v 1 [1160135]  |v 2 [1160136] 
050 0 0 |a QK486.B6  |b L6 
100 1 |a Loureiro, Arthur A. 
245 1 0 |a Catalogo das madeiras da Amazonia /  |c [por] Arthur A. Loureiro [e] Marlene Freitas da Silva. 
264 1 |a Belem :  |b Superintendencia do Desenvolvimento da Amazonia,  |c 1968. 
300 |a 2 volumes :  |b illustrations ;  |c 27 cm. 
336 |a text  |b txt  |2 rdacontent 
337 |a unmediated  |b n  |2 rdamedia 
338 |a volume  |b nc  |2 rdacarrier 
504 |a Includes bibliographies. 
650 0 |a Trees  |z Brazil  |z Amazonas (State) 
650 0 |a Wood  |x Anatomy. 
700 1 |a Silva, Marlene Freitas da. 
999 |a MARS 
999 f f |s 587f9b2f-f7fb-33b4-ab0f-558dacb4a88e  |i 5a97a9ea-97b5-3f41-8ef6-f7f6f13e7da4  |t 0 
952 f f |p ric  |a Texas A&M University  |b Rellis Campus  |c Joint Library Facility  |d Remote Storage  |t 0  |e QK486.B6 L6  |h Library of Congress classification  |i unmediated -- volume  |k v.1  |m A14804887304 
952 f f |p ric  |a Texas A&M University  |b Rellis Campus  |c Joint Library Facility  |d Remote Storage  |t 0  |e QK486.B6 L6  |h Library of Congress classification  |i unmediated -- volume  |k v.2  |m A14804887312 
998 f f |a QK486.B6 L6  |s v.1-v.2  |t 0  |l Remote Storage